000 01555nam a22002777a 4500
001 10141
003 FISKH
005 20260424095206.0
008 260424b cb ||||| |||| 00| 0 eng d
020 _a9789924342106
040 _aFISKH
_bbin
_cFISKH
_dFISKH
050 _aPZ7
082 _a823
100 _aOmissi , Antiochus
245 _aពណ៏ខៀវ :
_bThe blue /
_cអង់ត្យូជូស អូមីសុី Antiochus Omissi
260 _aPhnom Penh :
_bSipar ,
_c2024 .
300 _a39 pages :
_bcolor illustrations ;
_c23 cm .
490 _aរឿងដំបូងៗ
520 _aចរិយាជួបប្រទះសត្វតូចពណ៌ខៀវមួយ។ វាមករារាំងផ្លូវនាង ហើយធ្វើឲ្យអ្វីៗគ្រប់យ៉ាងក្លាយជាលំបាក។ វាក៏ធំឡើងៗជាបន្តបន្ទាប់។ ចរិយាមានអារម្មណ៍ភ័យខ្លាច — តើនាងគួរធ្វើដូចម្តេចដើម្បីបំបាត់ពណ៌ខៀវនេះ?
520 _aChakriya meets a small blue creature . It gets in her way , and makes everytihing difficult ! It grows bigger and bigger . Chakriya is scared-what she do to get rid of the blue?
650 _aពណ៏ខៀវ
_vរឿងនិទានកុមារ
650 _aThe blue
_vChildren's Stories
700 _aChanneng , Pat
_eDesigner
942 _2ddc
_cKHB
_n0
999 _c10141
_d10141